First things first: (Record no. 2921)
[ view plain ]
| 000 -LEADER | |
|---|---|
| fixed length control field | 00604nam a2200193Ia 4500 |
| 001 - CONTROL NUMBER | |
| control field | 2629 |
| 008 - FIXED-LENGTH DATA ELEMENTS--GENERAL INFORMATION | |
| fixed length control field | 140314s9999 xx 000 0 und d |
| 020 ## - INTERNATIONAL STANDARD BOOK NUMBER | |
| International Standard Book Number | 0671712837 |
| 040 ## - CATALOGING SOURCE | |
| Transcribing agency | PK-LaUMT |
| 082 ## - DEWEY DECIMAL CLASSIFICATION NUMBER | |
| Classification number | 158.1 |
| Item number | COV-F |
| 100 ## - MAIN ENTRY--PERSONAL NAME | |
| Personal name | Covey, Stephen R. |
| 245 ## - TITLE STATEMENT | |
| Title | First things first: |
| Remainder of title | to live, to love, to learn, to leave a legacy. |
| Statement of responsibility, etc | Covey, Stephen R.<>Merrill, A. Roger, Jt. Auth.; (Merrill, Rebecca R. |
| 260 ## - PUBLICATION, DISTRIBUTION, ETC. (IMPRINT) | |
| Place of publication, distribution, etc | London,UK: |
| Name of publisher, distributor, etc | Simon and Sons, |
| Date of publication, distribution, etc | 1994 |
| 300 ## - PHYSICAL DESCRIPTION | |
| Extent | 360 p. |
| 546 ## - LANGUAGE NOTE | |
| Language note | EN |
| 650 ## - SUBJECT ADDED ENTRY--TOPICAL TERM | |
| Topical term or geographic name as entry element | Conduct of life |
| 700 ## - ADDED ENTRY--PERSONAL NAME | |
| Personal name | Merrill, A. Roger, Jt. Auth.; (Merrill, Rebecca R. |
| 942 ## - ADDED ENTRY ELEMENTS (KOHA) | |
| Koha item type | Books |
| Withdrawn status | Lost status | Source of classification or shelving scheme | Damaged status | Not for loan | Home library | Current library | Date acquired | Total Checkouts | Full call number | Barcode | Date last seen | Price effective from | Koha item type | Date checked out |
|---|---|---|---|---|---|---|---|---|---|---|---|---|---|---|
| Dewey Decimal Classification | UMT Main Campus | UMT Main Campus | 2014-03-14 | 158.1 COV-F | 2797 | 2014-03-14 | 2014-03-14 | Books | ||||||
| Dewey Decimal Classification | UMT Main Campus | UMT Main Campus | 2014-05-28 | 8 | 158.1 COV-F | 3871 | 2025-01-09 | 2014-05-28 | Books | 2025-01-01 | ||||
| Dewey Decimal Classification | UMT Main Campus | UMT Main Campus | 2014-05-28 | 6 | 158.1 COV-F | 7040 | 2019-12-18 | 2014-05-28 | Books | 2019-12-04 |
